<?xml version="1.0" encoding="UTF-8"?>
<record
    xmlns:xsi="http://www.w3.org/2001/XMLSchema-instance"
    xsi:schemaLocation="http://www.loc.gov/MARC21/slim http://www.loc.gov/standards/marcxml/schema/MARC21slim.xsd"
    xmlns="http://www.loc.gov/MARC21/slim">

  <leader>00668nam0a22002171  4500</leader>
  <controlfield tag="001">RU\NLR\BIBL_A\022761438</controlfield>
  <controlfield tag="005">20260322051709.0</controlfield>
  <datafield tag="035" ind1=" " ind2=" ">
    <subfield code="a">(NLR Aleph) 022761438</subfield>
  </datafield>
  <datafield tag="090" ind1=" " ind2=" ">
    <subfield code="a">13642111</subfield>
    <subfield code="c">13642111</subfield>
  </datafield>
  <datafield tag="100" ind1=" " ind2=" ">
    <subfield code="a">20260320d1985    u  y0rusy50      ca</subfield>
  </datafield>
  <datafield tag="101" ind1="0" ind2=" ">
    <subfield code="a">rus</subfield>
    <subfield code="c">rom</subfield>
  </datafield>
  <datafield tag="102" ind1=" " ind2=" ">
    <subfield code="a">RU</subfield>
  </datafield>
  <datafield tag="105" ind1=" " ind2=" ">
    <subfield code="a">y   z|||000zy</subfield>
  </datafield>
  <datafield tag="200" ind1="1" ind2=" ">
    <subfield code="a">&#x421;&#x41A;&#x410;&#x417;&#x41A;&#x418; &#x418; &#x41F;&#x415;&#x421;&#x41D;&#x418; &#x420;&#x41E;&#x416;&#x414;&#x415;&#x41D;&#x41D;&#x42B;&#x415; &#x412; &#x414;&#x41E;&#x420;&#x41E;&#x413;&#x415;</subfield>
    <subfield code="e">&#x426;&#x42B;&#x413;&#x410;&#x41D;&#x421;&#x41A;&#x418;&#x419; &#x424;&#x41E;&#x41B;&#x42C;&#x41A;&#x41B;&#x41E;&#x420;</subfield>
    <subfield code="g">&#x421;&#x43E;&#x441;&#x442;. &#x438; &#x43F;&#x435;&#x440;. &#x415; &#x414;&#x440;&#x443;&#x446;</subfield>
  </datafield>
  <datafield tag="210" ind1=" " ind2=" ">
    <subfield code="a">&#x41C;.</subfield>
    <subfield code="c">&#x41D;&#x430;&#x443;&#x43A;&#x430;</subfield>
    <subfield code="d">1985</subfield>
  </datafield>
  <datafield tag="215" ind1=" " ind2=" ">
    <subfield code="a">520 &#x441;.</subfield>
  </datafield>
  <datafield tag="852" ind1=" " ind2=" ">
    <subfield code="a">NLR</subfield>
    <subfield code="b">&#x41E;&#x41B;&#x421;&#x410;&#x410;-&#x441;&#x43B;-&#x441;&#x43F;&#x440;</subfield>
    <subfield code="j">2-2761</subfield>
  </datafield>
  <datafield tag="942" ind1=" " ind2=" ">
    <subfield code="c">BOOK</subfield>
  </datafield>
  <datafield tag="980" ind1="1" ind2=" ">
    <subfield code="a">SL_SPR</subfield>
  </datafield>
  <datafield tag="980" ind1=" " ind2=" ">
    <subfield code="a">NB</subfield>
  </datafield>
</record>
